Представление документа в формате RUSMARC

ПолеНазваниеЗначение
  Тип записи a
  Библиографический уровень m
001 Контрольный номер RSL-KNO-003333601
005 Дата корректировки 20240206092058.6
010 Индекс ISBN __
a ISBN 978-5-93642-105-1 (В пер.)
d Цена 62-00
100 Данные общей обработки __
a Данные общей обработки 19071025d2007 |||y0rusy0189 ca
101 Язык документа 0_
a Язык текста rus
102 Страна публикации __
a Страна публикации RU
105 Кодированные данные (монография) __
a Кодированные данные (монография) y zzzz000zy
200 Заглавие и сведения об ответственности 1_
a Заглавие Все о банях и саунах
f Первые сведения об ответственности [авт.-сост. Самойлов В. С.]
b Общее обозначение материала Текст
210 Выходные данные 1_
a Место издания М.
c Издательство Аделант
d Дата издания 2010
215 Физическое описание __
a Объем 414, [1] с., [8] л. цв. ил.
c Иллюстрации/тип воспроизводства ил.
225 Серия 2_
a Серия Своими руками
330 Аннотация __
a Аннотация Постоянно совершенствуется технология в традиционном строительстве бань и саун, на рынок поступают все новые материалы, установочные материалы, установочные приборы и оборудование.
606 Тематические рубрики __
a Основная рубрика Строительство
606 Тематические рубрики __
a Основная рубрика Общественные здания и сооружения
610 Ключевые слова 0_
a Ключевые слова индивидуальные бани; сауны; бани; строительство бань; банные процедуры
686 Индексы других классификаций __
a Классификационный индекс 38.712
702 Вторичная интеллектуальная ответственность _1
a Фамилия Самойлов
b Имя В. С.
4 Код отношения Составитель
801 Источник записи _0
a Страна RU
b Организация Муниципальное бюджетное учреждение культуры "Централизованная библиотечная система" г. Сургут (Центральная городская библиотека им. А. С. Пушкина)
c Дата составления 20071025
g Правила каталогизации КиК/Елгина
801 Источник записи _1
a Страна RU
b Организация Муниципальное бюджетное учреждение культуры "Централизованная библиотечная система" г. Сургут (Центральная городская библиотека им. А. С. Пушкина)
c Дата составления 20071025
g Правила каталогизации КиК/Елгина
852 Данные о местонахождении __
j Шифр хранения 38.712
i Авторский знак В 84
901 Тип документа __
t Тип документа m
903 Характеристики (МАРС) __
a Дата передачи 20101028
990 Данные о заказе (DOS) __
j Количество экземпляров (DOS) 7
t N записи в КСУ для И/У (DOS) 201011